GRAVITATION AND COSMOLOGY (Record no. 19493)

MARC details
000 -LEADER
fixed length control field 00260nam a22001217a 4500
003 - CONTROL NUMBER IDENTIFIER
control field SGT
082 ## - DEWEY DECIMAL CLASSIFICATION NUMBER
Classification number 530.11
Item number WEI
100 ## - MAIN ENTRY--PERSONAL NAME
Personal name WEINBERG, STEVEN
245 ## - TITLE STATEMENT
Title GRAVITATION AND COSMOLOGY
260 ## - PUBLICATION, DISTRIBUTION, ETC. (IMPRINT)
Place of publication, distribution, etc INDIA
Name of publisher, distributor, etc WILEY
Year of Publication 2019
300 ## - PAGE DESCRIPTION
No. of Pages 657
942 ## - ADDED ENTRY ELEMENTS (KOHA)
Source of classification or shelving scheme Dewey Decimal Classification
Koha item type Books
942 ## - ADDED ENTRY ELEMENTS (KOHA)
-- 4
Holdings
Withdrawn status Lost status Source of classification or shelving scheme Damaged status Not for loan Home library Current library Shelving location Date acquired Vendor Name Cost, normal purchase price SGTU Bill Number Total Checkouts Full call number Accession No. (Barcode) Date last seen Date last borrowed Bill Date Koha item type
    Dewey Decimal Classification     SGT Science & Social Sciences Library SGT Science & Social Sciences Library Text Book 29/11/2019 ABC 799.00 SGTU 11575 3 530.11 WEI PS6001 18/05/2022 02/05/2022 29/11/2019 Books
    Dewey Decimal Classification     SGT Science & Social Sciences Library SGT Science & Social Sciences Library Text Book 29/11/2019 ABC 799.00 SGTU 11575   530.11 WEI PS6002 29/11/2019   29/11/2019 Books
    Dewey Decimal Classification     SGT Science & Social Sciences Library SGT Science & Social Sciences Library Text Book 29/11/2019 ABC 799.00 SGTU 11575 1 530.11 WEI PS6003 31/05/2022 11/05/2022 29/11/2019 Books